<?xml version="1.0" encoding="UTF-8"?><?xml-stylesheet type="text/xsl" href="static/style.xsl"?><OAI-PMH xmlns="http://www.openarchives.org/OAI/2.0/" xmlns:xsi="http://www.w3.org/2001/XMLSchema-instance" xsi:schemaLocation="http://www.openarchives.org/OAI/2.0/ http://www.openarchives.org/OAI/2.0/OAI-PMH.xsd"><responseDate>2026-06-05T15:41:34Z</responseDate><request verb="GetRecord" identifier="oai:riuma.uma.es:10630/37339" metadataPrefix="marc">https://riuma.uma.es/rest/oai/request</request><GetRecord><record><header><identifier>oai:riuma.uma.es:10630/37339</identifier><datestamp>2026-02-03T11:04:41Z</datestamp><setSpec>com_10630_2254</setSpec><setSpec>col_10630_37953</setSpec></header><metadata><record xmlns="http://www.loc.gov/MARC21/slim" xmlns:dcterms="http://purl.org/dc/terms/" xmlns:doc="http://www.lyncode.com/xoai" xmlns:xsi="http://www.w3.org/2001/XMLSchema-instance" xsi:schemaLocation="http://www.loc.gov/MARC21/slim http://www.loc.gov/standards/marcxml/schema/MARC21slim.xsd">
   <leader>00925njm 22002777a 4500</leader>
   <datafield ind2=" " ind1=" " tag="042">
      <subfield code="a">dc</subfield>
   </datafield>
   <datafield ind2=" " ind1=" " tag="720">
      <subfield code="a">Masip, Pere</subfield>
      <subfield code="e">author</subfield>
   </datafield>
   <datafield ind2=" " ind1=" " tag="720">
      <subfield code="a">López, Xosé</subfield>
      <subfield code="e">author</subfield>
   </datafield>
   <datafield ind2=" " ind1=" " tag="720">
      <subfield code="a">Díaz-Noci, Javier</subfield>
      <subfield code="e">author</subfield>
   </datafield>
   <datafield ind2=" " ind1=" " tag="720">
      <subfield code="a">Palomo-Torres, María Bella</subfield>
      <subfield code="e">author</subfield>
   </datafield>
   <datafield ind2=" " ind1=" " tag="720">
      <subfield code="a">Salaverría, Ramón</subfield>
      <subfield code="e">author</subfield>
   </datafield>
   <datafield ind2=" " ind1=" " tag="720">
      <subfield code="a">Meso, Koldo</subfield>
      <subfield code="e">author</subfield>
   </datafield>
   <datafield ind2=" " ind1=" " tag="260">
      <subfield code="c">2021-11-22</subfield>
   </datafield>
   <datafield ind2=" " ind1=" " tag="520">
      <subfield code="a">La enseñanza universitaria en España del periodismo digital, o ciberperiodismo, ha llegado para quedarse. Desde que, a mediados de los años 1990, se incorporaron las primeras materias sobre esta disciplina en los planes de estudios, hasta el comienzo de la década de 2020, cuando el número de asignaturas supera el centenar, se ha recorrido un largo camino, que ha conducido a la consolidación de esta especialidad. A partir de una revisión documental de los programas docentes de todas las asignaturas vinculadas al ciberperiodismo (n = 119) publicados online por las universidades españolas, así­ como de una encuesta a sus docentes (n = 51), este estudio revela el perfil de la enseñanza en torno al periodismo digital en España. Los resultados confirman la relevancia y el fortalecimiento académico de la disciplina, aunque ponen de manifiesto asimismo las dificultades de los docentes para mantener sus asignaturas actualizadas, en un contexto de rápidos y continuos cambios en la profesión periodí­stica.</subfield>
   </datafield>
   <datafield ind1="8" ind2=" " tag="024">
      <subfield code="a">Masip, P., López-Garcí­a, X., Dí­az-Noci, J., Palomo, B., Salaverrí­a, R., &amp; Meso-Ayerdi, K. (2022). Pasado, presente y futuro de la enseñanza universitaria del ciberperiodismo: métodos y tendencias. Profesional De La información, 31(1). https://doi.org/10.3145/epi.2022.ene.01</subfield>
   </datafield>
   <datafield ind1="8" ind2=" " tag="024">
      <subfield code="a">https://hdl.handle.net/10630/37339</subfield>
   </datafield>
   <datafield ind1="8" ind2=" " tag="024">
      <subfield code="a">10.3145/epi.2022.ene.01</subfield>
   </datafield>
   <datafield tag="653" ind2=" " ind1=" ">
      <subfield code="a">Periodismo digital - Estudio y enseñanza</subfield>
   </datafield>
   <datafield ind2="0" ind1="0" tag="245">
      <subfield code="a">Pasado, presente y futuro de la enseñanza universitaria del ciberperiodismo: métodos y tendencias</subfield>
   </datafield>
</record>
</metadata></record></GetRecord></OAI-PMH>